[Event "Olimpiada Calviá 2004"]
[Site "Calviá ESP"]
[Date "2004.10.27"]
[Round "12.31"]
[White "Rocha, Sergio"]
[Black "Purnama, Tirta Chandra"]
[Result "1/2-1/2"]
[WhiteElo "2431"]
[BlackElo "2286"]
[PlyCount "123"]
[EventDate "2004.10.15"]
[EventType "team"]
[EventRounds "14"]
[EventCountry "ESP"]
[Source "lmi"]
[SourceDate "2004.10.27"]

1. e4 e5 2. Nf3 Nc6 3. Bb5 a6 4. Ba4 Nf6 5. O-O Be7 6. Bxc6 dxc6 7. Qe1 Be6 8.
d3 Nd7 9. Qc3 Bf6 10. Nbd2 Qe7 11. b4 O-O 12. a4 Rfe8 13. Ba3 Bg4 14. Rfe1 Qd8
15. h3 Bh5 16. Bb2 Nf8 17. Qc4 Qd7 18. Re3 h6 19. Nf1 Bxf3 20. Rxf3 a5 21. Ng3
axb4 22. Nf5 Qe6 23. Qxb4 Ng6 24. g3 Ne7 25. Bc3 b6 26. Kg2 c5 27. Qb2 Nxf5 28.
Rxf5 c4 29. a5 cxd3 30. cxd3 bxa5 31. Rxa5 Rxa5 32. Bxa5 c6 33. Bb4 Qd7 34. Qc2
Rd8 35. Rf3 Qe6 36. Bc5 Ra8 37. Re3 Qd7 38. Re1 Rd8 39. Rd1 g6 40. Qc4 Kg7 41.
Bb6 Rb8 42. Be3 Rd8 43. Qa6 h5 44. Bb6 Rb8 45. Rc1 h4 46. g4 Bg5 47. Rc2 Bf4
48. f3 Bg3 49. Be3 Rb3 50. Rd2 Rc3 51. Qa7 Qd6 52. Qa6 Qb4 53. Qa1 Qb3 54. Qd1
Qa3 55. Qe2 c5 56. Rc2 Rxd3 57. Bxc5 Qb3 58. Rb2 Qc3 59. Rc2 Qb3 60. Rd2 Rc3
61. Bf2 Bxf2 62. Qxf2 1/2-1/2

[Event "Olimpiada Calviá 2004"]
[Site "Calviá ESP"]
[Date "2004.10.27"]
[Round "12.31"]
[White "Halay, Taufik"]
[Black "Vitor, Antonio"]
[Result "1-0"]
[WhiteElo "2264"]
[BlackElo "2319"]
[PlyCount "87"]
[EventDate "2004.10.15"]
[EventType "team"]
[EventRounds "14"]
[EventCountry "ESP"]
[Source "lmi"]
[SourceDate "2004.10.27"]

1. d4 Nf6 2. c4 e6 3. Nc3 Bb4 4. e3 c5 5. Bd3 Nc6 6. Nge2 d5 7. a3 Bxc3+ 8.
bxc3 dxc4 9. Bxc4 O-O 10. f4 Na5 11. Bd3 Qd5 12. O-O c4 13. Bb1 Ne4 14. Ra2 Bd7
15. Ng3 Nxc3 16. Bxh7+ Kxh7 17. Qc2+ f5 18. Qxc3 Ba4 19. e4 fxe4 20. Re2 Nc6
21. Bb2 Rf6 22. Nxe4 Rh6 23. Ng5+ Kg8 24. Rfe1 Re8 25. Re4 b5 26. Qf3 Qd6 27.
Qg4 Bc2 28. Nxe6 Re7 29. R4e3 Rg6 30. Ng5 Rxe3 31. Rxe3 Qf8 32. Qe2 Bd3 33. Qe1
Rxg5 34. fxg5 Qf4 35. Rf3 Qe4 36. Qxe4 Bxe4 37. Rf4 Bd5 38. Rf5 Ne7 39. Re5 Kf7
40. g6+ Ke8 41. Bc3 Kd7 42. Bb4 Be6 43. Bxe7 Kxe7 44. d5 1-0

[Event "Olimpiada Calviá 2004"]
[Site "Calviá ESP"]
[Date "2004.10.27"]
[Round "12.32"]
[White "Ghaem Maghami, Ehsan"]
[Black "Matamoros Franco, Carlos S"]
[Result "1/2-1/2"]
[WhiteElo "2558"]
[BlackElo "2513"]
[PlyCount "38"]
[EventDate "2004.10.15"]
[EventType "team"]
[EventRounds "14"]
[EventCountry "ESP"]
[Source "lmi"]
[SourceDate "2004.10.27"]

1. e4 e6 2. d4 d5 3. Nd2 c5 4. exd5 Qxd5 5. Ngf3 cxd4 6. Bc4 Qd6 7. Qe2 Nf6 8.
Nb3 Nc6 9. Bg5 a6 10. O-O-O b5 11. Bd3 Be7 12. Kb1 Bb7 13. Nbxd4 Nxd4 14. Nxd4
Qc5 15. h4 Rd8 16. Nf3 Nd5 17. Bd2 Nb4 18. Be4 Bxe4 19. Qxe4 Nd5 1/2-1/2

[Event "Olimpiada Calviá 2004"]
[Site "Calviá ESP"]
[Date "2004.10.27"]
[Round "12.32"]
[White "Santos Flores, Alberto"]
[Black "Mahjoob, Morteza"]
[Result "0-1"]
[WhiteElo "2326"]
[BlackElo "2455"]
[PlyCount "80"]
[EventDate "2004.10.15"]
[EventType "team"]
[EventRounds "14"]
[EventCountry "ESP"]
[Source "lmi"]
[SourceDate "2004.10.27"]

1. e4 c6 2. d4 d5 3. e5 c5 4. dxc5 Nc6 5. Bb5 e6 6. Bxc6+ bxc6 7. Be3 Ne7 8. c3
Nf5 9. Bd4 Qg5 10. g3 Rb8 11. b3 Ba6 12. Nd2 h5 13. h4 Qg6 14. Ne2 Nxd4 15.
cxd4 Qd3 16. a3 f6 17. exf6 gxf6 18. Rc1 Bh6 19. Rc3 Qf5 20. O-O O-O 21. Re1 e5
22. Nf3 Rf7 23. b4 Rg7 24. Qc2 e4 25. Nh2 Bd3 26. Qb2 Qh3 27. Kh1 Kh8 28. Ng1
Qd7 29. Qb3 Ba6 30. Qd1 Qf7 31. Nf1 Rbg8 32. Ne3 f5 33. Nh3 f4 34. Nxf4 Bxf4
35. gxf4 Qxf4 36. Ng2 Qf5 37. Rg1 Bd3 38. Kh2 Rg4 39. Qd2 Qf6 40. Kh3 Qf3+ 0-1

[Event "Olimpiada Calviá 2004"]
[Site "Calviá ESP"]
[Date "2004.10.27"]
[Round "12.32"]
[White "Mallahi, Amir"]
[Black "Pazos Gambarrotti, Plinio"]
[Result "1-0"]
[WhiteElo "2383"]
[BlackElo "2400"]
[PlyCount "134"]
[EventDate "2004.10.15"]
[EventType "team"]
[EventRounds "14"]
[EventCountry "ESP"]
[Source "lmi"]
[SourceDate "2004.10.27"]

1. e4 c5 2. Nf3 Nc6 3. d4 cxd4 4. Nxd4 Nf6 5. Nc3 d6 6. f4 g6 7. Nxc6 bxc6 8.
e5 dxe5 9. Qxd8+ Kxd8 10. fxe5 Ng4 11. Bf4 Bh6 12. Bxh6 Nxh6 13. Bc4 Ng4 14.
O-O-O+ Kc7 15. Rde1 Rf8 16. h3 Nh6 17. Ne4 Kb6 18. Ng5 Ba6 19. Bxa6 Kxa6 20.
Nxh7 Rh8 21. Ng5 Rad8 22. Rhf1 Rhf8 23. Re4 Nf5 24. Rf3 Kb7 25. g4 Nh6 26. Rb4+
Ka8 27. b3 Rd5 28. Re4 f5 29. exf6 exf6 30. Nh7 f5 31. Nxf8 fxe4 32. Re3 g5 33.
Rxe4 Rd8 34. Ne6 Rg8 35. Rb4 a6 36. Rb6 Nf7 37. Rxa6+ Kb7 38. Nc5+ Kc7 39. Ra7+
Kb6 40. Rxf7 Kxc5 41. Kb2 Kb6 42. a4 Rh8 43. Rf5 Rxh3 44. Rxg5 Rg3 45. b4 Rf3
46. Rg6 Kc7 47. Rg7+ Kb6 48. c3 Rf1 49. Kb3 Rf4 50. g5 Rg4 51. a5+ Ka6 52. Rc7
Rxg5 53. Rxc6+ Kb7 54. Rb6+ Ka7 55. Rh6 Rf5 56. Ka4 Rf7 57. c4 Rg7 58. c5 Kb7
59. Kb5 Ka7 60. a6 Rg8 61. Rh7+ Ka8 62. Kb6 Rb8+ 63. Ka5 Rc8 64. Rg7 Rc6 65.
Kb5 Rc8 66. c6 Rh8 67. c7 Rh5+ 1-0

[Event "Olimpiada Calviá 2004"]
[Site "Calviá ESP"]
[Date "2004.10.27"]
[Round "12.32"]
[White "Gonzalez Davila, Richard"]
[Black "Ghane, Shojaat"]
[Result "1/2-1/2"]
[WhiteElo "2202"]
[BlackElo "2376"]
[PlyCount "237"]
[EventDate "2004.10.15"]
[EventType "team"]
[EventRounds "14"]
[EventCountry "ESP"]
[Source "lmi"]
[SourceDate "2004.10.27"]

1. e4 e6 2. d4 d5 3. e5 Bd7 4. Be3 Ne7 5. Bd3 Nf5 6. Nf3 a6 7. O-O Bb5 8. Bg5
Qd7 9. c3 h6 10. Be3 c5 11. a4 Bxd3 12. Qxd3 Qc7 13. Nbd2 Nc6 14. dxc5 Nxe5 15.
Nxe5 Qxe5 16. Bd4 Qc7 17. Rfe1 Be7 18. b4 O-O 19. Nf3 a5 20. Be5 Qc8 21. g4 Nh4
22. Nxh4 Bxh4 23. Qd4 f6 24. Bd6 Re8 25. b5 Qd7 26. Rad1 Kh8 27. h3 Red8 28. c4
dxc4 29. Qxc4 e5 30. c6 bxc6 31. bxc6 Qa7 32. Bc5 Qc7 33. Qb5 Rdb8 34. Bd6 Rxb5
35. Bxc7 Rb2 36. Rf1 Rc2 37. Rc1 Bxf2+ 38. Kg2 Rxc1 39. Rxc1 Be3 40. Rb1 Ra6
41. Rb5 Rxc6 42. Bxa5 Rc2+ 43. Kf3 Bd4 44. Bb4 Rh2 45. Kg3 Ra2 46. a5 e4 47.
Kf4 e3 48. Ke4 e2 49. Kxd4 Ra4 50. Rb8+ Kh7 51. Re8 Rxb4+ 52. Kc5 Rb3 53. Rxe2
Rxh3 54. Ra2 Rc3+ 55. Kb4 Rc8 56. a6 Kg6 57. a7 Kg5 58. a8=Q Rxa8 59. Rxa8 Kxg4
60. Kc3 f5 61. Kd3 Kf3 62. Ra6 h5 63. Rg6 h4 64. Rxg7 h3 65. Rh7 Kg2 66. Ke2 h2
67. Rg7+ Kh3 68. Kf2 h1=N+ 69. Kf3 Kh2 70. Ra7 f4 71. Ra2+ Kg1 72. Kxf4 Nf2 73.
Kf3 Nd3 74. Ra1+ Kh2 75. Rd1 Ne5+ 76. Kf4 Ng6+ 77. Kg5 Ne5 78. Rf1 Kg3 79. Rg1+
Kf2 80. Ra1 Ke3 81. Re1+ Kd4 82. Kf5 Nd3 83. Re2 Kd5 84. Re4 Nc5 85. Re8 Kd4
86. Kf4 Nd3+ 87. Kf3 Ne5+ 88. Ke2 Ke4 89. Ra8 Nc4 90. Rh8 Ne5 91. Rh4+ Kd5 92.
Ke3 Nc4+ 93. Kd3 Ne5+ 94. Ke3 Ke6 95. Ra4 Kd5 96. Rf4 Nc6 97. Rf5+ Kc4 98. Rf6
Kd5 99. Rh6 Ne5 100. Rh4 Nc6 101. Re4 Kd6 102. Ra4 Kd5 103. Kd3 Ne5+ 104. Ke3
Nc4+ 105. Kf4 Kd4 106. Ra8 Kd5 107. Rd8+ Nd6 108. Ke3 Ke5 109. Kd3 Kd5 110. Rh8
Ke5 111. Rh1 Nf5 112. Re1+ Kd5 113. Re4 Nd6 114. Rd4+ Ke6 115. Ra4 Kd5 116.
Ra5+ Ke6 117. Kd4 Nf5+ 118. Ke4 Nd6+ 119. Kf4 1/2-1/2

[Event "Olimpiada Calviá 2004"]
[Site "Calviá ESP"]
[Date "2004.10.27"]
[Round "12.33"]
[White "Roselli Mailhe, Bernardo"]
[Black "Morovic, Ivan"]
[Result "1/2-1/2"]
[WhiteElo "2405"]
[BlackElo "2564"]
[PlyCount "51"]
[EventDate "2004.10.15"]
[EventType "team"]
[EventRounds "14"]
[EventCountry "ESP"]
[Source "lmi"]
[SourceDate "2004.10.27"]

1. e4 c5 2. Nc3 Nc6 3. g3 g6 4. Bg2 Bg7 5. d3 d6 6. f4 f5 7. exf5 Bxf5 8. Nf3
Nf6 9. O-O Qd7 10. Kh1 O-O 11. Be3 b5 12. Bg1 b4 13. Ne2 Rab8 14. d4 c4 15. Qd2
Be4 16. Rae1 Qf5 17. Nc1 Bd5 18. Qe2 Qh5 19. h3 Kh8 20. Bh2 Qf5 21. g4 Qd7 22.
Rd1 Nd8 23. Qe3 Rb5 24. Ne2 Bb7 25. Nd2 Bxg2+ 26. Kxg2 1/2-1/2

[Event "Olimpiada Calviá 2004"]
[Site "Calviá ESP"]
[Date "2004.10.27"]
[Round "12.33"]
[White "Vasquez, Rodrigo"]
[Black "Curi, Gabriel"]
[Result "1-0"]
[WhiteElo "2546"]
[BlackElo "2264"]
[PlyCount "71"]
[EventDate "2004.10.15"]
[EventType "team"]
[EventRounds "14"]
[EventCountry "ESP"]
[Source "lmi"]
[SourceDate "2004.10.27"]

1. e4 e6 2. d4 d5 3. e5 c5 4. c3 Qb6 5. Nf3 Nc6 6. a3 c4 7. g3 f6 8. Bg2 fxe5
9. dxe5 Bc5 10. O-O Bd7 11. Nbd2 Nh6 12. b4 Be7 13. a4 Nf7 14. Re1 Qc7 15. Qe2
a6 16. Nb1 O-O 17. Na3 Bxb4 18. cxb4 Nxb4 19. Nc2 Nd3 20. a5 Nxe1 21. Qxe1 b6
22. Bd2 Rab8 23. Ncd4 bxa5 24. Bxa5 Qa7 25. h4 Nd8 26. Bh3 Kh8 27. Bc3 Nb7 28.
Bxe6 Bxe6 29. Nxe6 Rxf3 30. Bd4 Nc5 31. Bxc5 Qd7 32. Ng5 Rfb3 33. e6 Qc6 34.
Bd4 Rd3 35. Qe5 Qb7 36. Nf7+ 1-0

[Event "Olimpiada Calviá 2004"]
[Site "Calviá ESP"]
[Date "2004.10.27"]
[Round "12.33"]
[White "Llorens, Marcelo"]
[Black "Larrea, Manuel"]
[Result "1-0"]
[WhiteElo "2375"]
[BlackElo "2279"]
[PlyCount "99"]
[EventDate "2004.10.15"]
[EventType "team"]
[EventRounds "14"]
[EventCountry "ESP"]
[Source "lmi"]
[SourceDate "2004.10.27"]

1. e4 c5 2. Nf3 d6 3. Bc4 Nc6 4. c3 Nf6 5. d3 g6 6. a3 Bg7 7. O-O O-O 8. h3 Rb8
9. Re1 b5 10. Ba2 a5 11. d4 Nd7 12. Bg5 b4 13. Bd5 Bb7 14. axb4 axb4 15. Qd2
Re8 16. Qf4 Nf6 17. Qh4 bxc3 18. bxc3 cxd4 19. Bxc6 Bxc6 20. cxd4 d5 21. e5 Ne4
22. Bh6 e6 23. Qf4 Qe7 24. Bxg7 Kxg7 25. Nbd2 Rb4 26. Rec1 Nxd2 27. Nxd2 Bb5
28. Rc3 Rb8 29. h4 h6 30. Rac1 Rb7 31. Rg3 Be8 32. h5 Rb2 33. Qe3 Ra2 34. hxg6
fxg6 35. Rf3 Rbb2 36. Nf1 Rc2 37. Rxc2 Rxc2 38. Rf6 Bf7 39. Qf4 Rc8 40. Qh4 Qc7
41. Ne3 Rf8 42. Qf4 g5 43. Qf3 Qe7 44. Qh3 Rh8 45. f4 Qc7 46. fxg5 hxg5 47. Qg3
Qc1+ 48. Rf1 Qd2 49. Qxg5+ Kf8 50. Qd8+ 1-0

[Event "Olimpiada Calviá 2004"]
[Site "Calviá ESP"]
[Date "2004.10.27"]
[Round "12.35"]
[White "Seitaj, Ilir"]
[Black "Martinez, Carlos Alejandro"]
[Result "0-1"]
[WhiteElo "2398"]
[BlackElo "2393"]
[PlyCount "204"]
[EventDate "2004.10.15"]
[EventType "team"]
[EventRounds "14"]
[EventCountry "ESP"]
[Source "lmi"]
[SourceDate "2004.10.27"]

1. e4 c6 2. d4 d5 3. e5 Bf5 4. Nf3 e6 5. Be2 c5 6. O-O Nc6 7. c3 cxd4 8. cxd4
Nge7 9. Be3 Bg4 10. Nbd2 Nf5 11. a3 Be7 12. b4 O-O 13. h3 Bxf3 14. Nxf3 f6 15.
Qd3 Qb6 16. b5 Na5 17. Bf4 Nc4 18. a4 fxe5 19. Bxe5 Rac8 20. Ra2 Nxe5 21. dxe5
Ng3 22. a5 Qc5 23. Re1 Ne4 24. Bf1 Qc7 25. a6 Bc5 26. Rxe4 dxe4 27. Qxe4 bxa6
28. Ng5 Rf5 29. Nxe6 Qxe5 30. Nxc5 Qxc5 31. Bd3 Qc1+ 32. Kh2 Qf4+ 33. Qxf4 Rxf4
34. bxa6 g6 35. Rb2 Rc3 36. Be2 Kg7 37. Bf3 h5 38. Kg3 Rfc4 39. h4 Rc2 40. Rb7+
Rc7 41. Rb4 Ra2 42. Bb7 Rc3+ 43. f3 Rcc2 44. f4 Kf6 45. Rd4 Rd2 46. Rxd2 Rxd2
47. Kf3 Ra2 48. Ke3 Ra4 49. Kf3 Rc4 50. Bd5 Rb4 51. Bb7 Ra4 52. Ke3 Rc4 53. Bd5
Rc2 54. Be4 Rc1 55. Kf3 Rc3+ 56. Ke2 Ra3 57. Bd3 Ra1 58. Kf3 Ra2 59. g4 Ra3 60.
g5+ Kf7 61. Ke4 Ra1 62. Kf3 Rh1 63. Kg3 Rg1+ 64. Kh3 Rg4 65. f5 gxf5 66. Bxf5
Ra4 67. Bc8 Rc4 68. Bb7 Rc3+ 69. Kg2 Ra3 70. Bd5+ Kg7 71. Bb7 Ra4 72. Kg3 Kg6
73. Bc8 Rc4 74. Bd7 Kf7 75. Bb5 Rc3+ 76. Kg2 Re3 77. Bc6 Kg6 78. Bd7 Re7 79.
Bb5 Kf5 80. Kf3 Re1 81. Bd3+ Ke5 82. Bg6 Rh1 83. Bxh5 Rxh4 84. Be8 Rh3+ 85. Kg4
Ra3 86. Bb5 Rb3 87. Bc6 Rb4+ 88. Kh5 Rb6 89. Bb7 Rd6 90. Bc8 Rd8 91. Bb7 Kf5
92. Kh6 Rg8 93. g6 Rxg6+ 94. Kh5 Rb6 95. Kh4 Rb3 96. Bd5 Ra3 97. Bb7 Kf4 98.
Kh5 Rg3 99. Bc8 Rg8 100. Bb7 Ke5 101. Bf3 Kf5 102. Kh6 Rg6+ 0-1

[Event "Olimpiada Calviá 2004"]
[Site "Calviá ESP"]
[Date "2004.10.27"]
[Round "12.35"]
[White "Fier, Alexander Hila"]
[Black "Mehmeti, Dritan"]
[Result "1-0"]
[WhiteElo "2365"]
[BlackElo "2346"]
[PlyCount "59"]
[EventDate "2004.10.15"]
[EventType "team"]
[EventRounds "14"]
[EventCountry "ESP"]
[Source "lmi"]
[SourceDate "2004.10.27"]

1. e4 e6 2. d4 d5 3. Nc3 Bb4 4. Nge2 Nf6 5. e5 Nfd7 6. a3 Be7 7. f4 c5 8. Be3
Nc6 9. dxc5 O-O 10. Qd2 Nxc5 11. Nd4 Nxd4 12. Bxd4 b6 13. O-O-O Rb8 14. Qe3 Ba6
15. Kb1 Qd7 16. Qg3 Bxf1 17. Rhxf1 Rfc8 18. f5 Bf8 19. f6 g6 20. Rf3 Ne4 21.
Qh4 Rxc3 22. Bxc3 Qa4 23. Rd4 Qb5 24. Bb4 h5 25. Qf4 Kh7 26. Bxf8 Rxf8 27. g4
h4 28. Rxe4 dxe4 29. Rh3 g5 30. Qxg5 1-0

[Event "Olimpiada Calviá 2004"]
[Site "Calviá ESP"]
[Date "2004.10.27"]
[Round "12.36"]
[White "Pacheco, Marco"]
[Black "Quinn, Mark"]
[Result "1/2-1/2"]
[WhiteElo "2320"]
[BlackElo "2409"]
[PlyCount "80"]
[EventDate "2004.10.15"]
[EventType "team"]
[EventRounds "14"]
[EventCountry "ESP"]
[Source "lmi"]
[SourceDate "2004.10.27"]

1. d4 Nf6 2. c4 e6 3. Nf3 c5 4. d5 d6 5. Nc3 exd5 6. cxd5 g6 7. Nd2 Bg7 8. e4
O-O 9. Be2 Na6 10. O-O Nc7 11. a4 b6 12. Nc4 Ba6 13. Bf4 Bxc4 14. Bxc4 a6 15.
Qd3 Ng4 16. Qh3 Ne5 17. Be2 Qe7 18. Rae1 Rab8 19. Bh6 Bxh6 20. Qxh6 f6 21. f4
Nf7 22. Qh4 Rfe8 23. Bg4 Kg7 24. Be6 Nxe6 25. dxe6 Qxe6 26. Nd5 Rb7 27. f5 Qe5
28. fxg6 hxg6 29. Rxf6 Rh8 30. Qg3 Qxg3 31. hxg3 b5 32. a5 Re8 33. e5 Nxe5 34.
Re4 Rd7 35. g4 Rh8 36. g3 Rf8 37. g5 Nf3+ 38. Kg2 Nxg5 39. Rxf8 Kxf8 40. Rf4+
Nf7 1/2-1/2

[Event "Olimpiada Calviá 2004"]
[Site "Calviá ESP"]
[Date "2004.10.27"]
[Round "12.36"]
[White "Collins, Sam E"]
[Black "Cordova, Emilio"]
[Result "1-0"]
[WhiteElo "2387"]
[BlackElo "2347"]
[PlyCount "93"]
[EventDate "2004.10.15"]
[EventType "team"]
[EventRounds "14"]
[EventCountry "ESP"]
[Source "lmi"]
[SourceDate "2004.10.27"]

1. Nf3 Nf6 2. c4 c5 3. Nc3 e6 4. g3 b6 5. Bg2 Bb7 6. O-O Be7 7. Re1 d6 8. e4
O-O 9. d4 cxd4 10. Nxd4 Qd7 11. b3 Rd8 12. Bb2 Na6 13. Qe2 Rac8 14. Rad1 Qc7
15. f4 Nd7 16. f5 e5 17. Nc2 Nf6 18. Ne3 Nc5 19. Ncd5 Bxd5 20. Nxd5 Nxd5 21.
Rxd5 Nd7 22. Bc1 a6 23. Bf1 Qa7 24. a4 Nf6 25. Rdd1 b5+ 26. Be3 Qb7 27. cxb5
Qxe4 28. bxa6 Qxf5 29. Bb6 Re8 30. Bg2 Rc2 31. Qd3 Qxd3 32. Rxd3 e4 33. Rdd1 d5
34. Rc1 Rb2 35. Rb1 Rxb1 36. Rxb1 Nd7 37. Bf2 Bg5 38. b4 Bd2 39. b5 e3 40. Be1
Bxe1 41. Rxe1 d4 42. a7 Nb6 43. a5 d3 44. Rxe3 Rxe3 45. axb6 Re1+ 46. Kf2 Re2+
47. Kf1 1-0

[Event "Olimpiada Calviá 2004"]
[Site "Calviá ESP"]
[Date "2004.10.27"]
[Round "12.36"]
[White "Garcia, Jhoel"]
[Black "Ryan, Joseph"]
[Result "0-1"]
[WhiteElo "2201"]
[BlackElo "2316"]
[PlyCount "58"]
[EventDate "2004.10.15"]
[EventType "team"]
[EventRounds "14"]
[EventCountry "ESP"]
[Source "lmi"]
[SourceDate "2004.10.27"]

1. d4 e6 2. c4 d5 3. Nc3 Be7 4. Nf3 Nf6 5. e3 O-O 6. Be2 b6 7. O-O Bb7 8. b3
Nbd7 9. Bb2 a6 10. Bd3 Bd6 11. Qe2 Ne4 12. Qc2 f5 13. a3 Rf6 14. cxd5 exd5 15.
b4 Rh6 16. h3 Rg6 17. Kh1 Rh6 18. Qb3 Kh8 19. Rad1 Qg8 20. Ne2 Re8 21. Qc2 Qf7
22. Rc1 c6 23. a4 Bxb4 24. Ne5 Nxe5 25. dxe5 Bc8 26. e6 Rexe6 27. f3 Nd2 28.
Rf2 Rxe3 29. Bd4 f4 0-1

[Event "Olimpiada Calviá 2004"]
[Site "Calviá ESP"]
[Date "2004.10.27"]
[Round "12.37"]
[White "Naciri, Zouhir"]
[Black "Byambaa, Zulzaga"]
[Result "0-1"]
[WhiteElo "2170"]
[BlackElo "2299"]
[PlyCount "116"]
[EventDate "2004.10.15"]
[EventType "team"]
[EventRounds "14"]
[EventCountry "ESP"]
[Source "lmi"]
[SourceDate "2004.10.27"]

1. d4 Nf6 2. c4 g6 3. Nc3 Bg7 4. e4 d6 5. Be2 O-O 6. Nf3 e5 7. O-O Nc6 8. d5
Ne7 9. Ne1 Nd7 10. Be3 f5 11. f3 f4 12. Bf2 g5 13. a4 Ng6 14. a5 h5 15. b4 Nf6
16. c5 g4 17. cxd6 g3 18. hxg3 fxg3 19. Bxg3 cxd6 20. Nd3 h4 21. Bh2 Nh5 22.
Rf2 Bh6 23. f4 Nhxf4 24. Nxf4 Bxf4 25. Bxf4 Nxf4 26. Bf3 Qg5 27. Kh1 Bd7 28.
Ne2 Rac8 29. Nxf4 Qxf4 30. Qd2 Rc4 31. Qxf4 Rxf4 32. Rb2 Bg4 33. Ra3 Kg7 34.
Kh2 Kg6 35. Rbb3 Kg5 36. a6 b6 37. Rc3 Rxc3 38. Rxc3 Bxf3 39. gxf3 Rf7 40. Rc6
Rd7 41. Rc8 Kf4 42. Rf8+ Ke3 43. Kh3 Kd4 44. Rb8 Rf7 45. Rb7 Rxf3+ 46. Kxh4 Ra3
47. Rxa7 Kxe4 48. b5 Ra5 49. Rb7 Rxb5 50. a7 Ra5 51. Rxb6 Rxa7 52. Rxd6 Ra5 53.
Kg3 Rxd5 54. Re6 Ke3 55. Kg2 e4 56. Rh6 Ke2 57. Rg6 e3 58. Rg8 Rd2 0-1

[Event "Olimpiada Calviá 2004"]
[Site "Calviá ESP"]
[Date "2004.10.27"]
[Round "12.37"]
[White "Altanoch, Genden"]
[Black "Karim, Ismael"]
[Result "1-0"]
[WhiteElo "2279"]
[BlackElo "2228"]
[PlyCount "113"]
[EventDate "2004.10.15"]
[EventType "team"]
[EventRounds "14"]
[EventCountry "ESP"]
[Source "lmi"]
[SourceDate "2004.10.27"]

1. d4 Nf6 2. c4 g6 3. Nc3 Bg7 4. e4 d6 5. Be2 O-O 6. Bg5 c5 7. dxc5 dxc5 8.
Qxd8 Rxd8 9. e5 Nfd7 10. e6 fxe6 11. Nb5 Na6 12. O-O-O Re8 13. h4 Nb6 14. b3
Bd7 15. Bg4 Kf7 16. Nh3 Bxb5 17. cxb5 Nc7 18. Bf4 e5 19. Ng5+ Kg8 20. Be3 e6
21. a4 h6 22. Ne4 Nbd5 23. Bxc5 Nf6 24. Bf3 Nxe4 25. Bxe4 Nd5 26. Kb2 b6 27.
Rxd5 exd5 28. Bxd5+ Kh7 29. Bxa8 Rxa8 30. Be3 Rd8 31. Rc1 Rd7 32. Rc6 h5 33.
Kc2 Bf8 34. Rc4 Kg7 35. b4 Bd6 36. a5 Rc7 37. Kb3 Kf7 38. Rc6 Rxc6 39. bxc6
bxa5 40. b5 Ke7 41. Bxa7 Kd8 42. Bb6+ Kc8 43. Ka4 Bb4 44. Bxa5 Bc5 45. f3 Bf2
46. b6 Bxh4 47. Bc3 Bg3 48. Bb4 e4 49. fxe4 g5 50. Kb5 g4 51. Ka6 h4 52. b7+
Kc7 53. Kb5 h3 54. Ba5+ Kb8 55. Ka6 h2 56. Bb6 h1=Q 57. c7+ 1-0

[Event "Olimpiada Calviá 2004"]
[Site "Calviá ESP"]
[Date "2004.10.27"]
[Round "12.38"]
[White "Davila, Carlos"]
[Black "Bachmann, Axel"]
[Result "1-0"]
[WhiteElo "2339"]
[BlackElo "2282"]
[PlyCount "63"]
[EventDate "2004.10.15"]
[EventType "team"]
[EventRounds "14"]
[EventCountry "ESP"]
[Source "lmi"]
[SourceDate "2004.10.27"]

1. d4 d5 2. Nf3 Nf6 3. c4 dxc4 4. e3 e6 5. Bxc4 a6 6. O-O c5 7. b3 b5 8. Be2
Bb7 9. Bb2 Nc6 10. Nbd2 Be7 11. a4 Qb6 12. dxc5 Qxc5 13. axb5 axb5 14. Rxa8+
Bxa8 15. Bxf6 Bxf6 16. Ne4 Qb4 17. Nd6+ Ke7 18. Nxb5 Rb8 19. Qd3 Na5 20. Rc1
Bc6 21. Nfd4 Bd7 22. Rc7 Bxd4 23. Nxd4 Rd8 24. Qxh7 g6 25. Qh4+ Ke8 26. Qh8+
Ke7 27. Qe5 Ke8 28. h3 Rb8 29. Bb5 Bxb5 30. Nxb5 Rd8 31. Qh8+ Qf8 32. Nd6+ 1-0

[Event "Olimpiada Calviá 2004"]
[Site "Calviá ESP"]
[Date "2004.10.27"]
[Round "12.38"]
[White "Jodorcovsky, Paulo"]
[Black "Sirias, Danilo"]
[Result "1/2-1/2"]
[WhiteElo "2278"]
[BlackElo "2285"]
[PlyCount "37"]
[EventDate "2004.10.15"]
[EventType "team"]
[EventRounds "14"]
[EventCountry "ESP"]
[Source "lmi"]
[SourceDate "2004.10.27"]

1. e4 c5 2. Nf3 e6 3. d4 cxd4 4. Nxd4 a6 5. c4 Nf6 6. Nc3 Qc7 7. a3 b6 8. Be2
Bb7 9. f3 Be7 10. Be3 d6 11. O-O O-O 12. Rc1 Nbd7 13. b4 Rac8 14. Qd2 Qb8 15.
Rfd1 Bd8 16. Kh1 Bc7 17. Bg1 Kh8 18. Rc2 Rg8 19. Rb1 1/2-1/2

[Event "Olimpiada Calviá 2004"]
[Site "Calviá ESP"]
[Date "2004.10.27"]
[Round "12.38"]
[White "Bendana, Guy"]
[Black "Ferreira, Oscar"]
[Result "1/2-1/2"]
[WhiteElo "2166"]
[BlackElo "2284"]
[PlyCount "51"]
[EventDate "2004.10.15"]
[EventType "team"]
[EventRounds "14"]
[EventCountry "ESP"]
[Source "lmi"]
[SourceDate "2004.10.27"]

1. d4 g6 2. Nf3 Bg7 3. Bf4 Nf6 4. Nbd2 d6 5. e4 O-O 6. h3 Nc6 7. c3 Nh5 8. Bh2
e5 9. dxe5 dxe5 10. Bc4 Qe7 11. O-O Nf4 12. Re1 Be6 13. Qc2 Rad8 14. Rad1 Rd7
15. Bf1 Rfd8 16. Nc4 f6 17. Ne3 Qf7 18. b3 Qe7 19. Rxd7 Rxd7 20. Rd1 Bf8 21.
Rxd7 Qxd7 22. Qd2 Qxd2 23. Nxd2 Bc5 24. Bxf4 exf4 25. Nd5 Bxd5 26. exd5 1/2-1/2

[Event "Olimpiada Calviá 2004"]
[Site "Calviá ESP"]
[Date "2004.10.27"]
[Round "12.39"]
[White "Gillani, Tunveer"]
[Black "Mosquera, Miguel"]
[Result "0-1"]
[WhiteElo "2277"]
[BlackElo "2394"]
[PlyCount "102"]
[EventDate "2004.10.15"]
[EventType "team"]
[EventRounds "14"]
[EventCountry "ESP"]
[Source "lmi"]
[SourceDate "2004.10.27"]

1. e4 c5 2. Nf3 d6 3. d4 cxd4 4. Nxd4 Nf6 5. Nc3 a6 6. Be2 e5 7. Nb3 Be7 8. O-O
O-O 9. f4 b5 10. a3 Bb7 11. Bf3 exf4 12. Bxf4 Nc6 13. Nd4 Nxd4 14. Qxd4 Rc8 15.
Qa7 Qc7 16. Rad1 Rfd8 17. Rd2 Nd7 18. e5 d5 19. Qf2 Bc5 20. Be3 Bxe3 21. Qxe3
Qxe5 22. Nxd5 Qxe3+ 23. Nxe3 Bxf3 24. Rxf3 Ne5 25. Rff2 f6 26. h3 Kf8 27. Rfe2
g6 28. b3 Kf7 29. Kf2 Ke6 30. Ke1 a5 31. c4 bxc4 32. Nxc4 a4 33. Rxd8 Rxd8 34.
bxa4 Rc8 35. Nb2 Rc3 36. Kd2 Rxa3 37. Re3 Ra2 38. Kc3 Kd6 39. Re2 Ra1 40. Kb4
Nc6+ 41. Kc3 Ra3+ 42. Kc4 Kc7 43. Rd2 Ra1 44. Kb5 Rb1 45. Kc5 Rc1+ 46. Kb5 Rb1
47. Rc2 Kb7 48. Rd2 Kc7 49. Kc5 f5 50. Rc2 Na7 51. Nd3 Ra1 0-1

[Event "Olimpiada Calviá 2004"]
[Site "Calviá ESP"]
[Date "2004.10.27"]
[Round "12.39"]
[White "Barrientos, Sergio"]
[Black "Lodhi, Mahmood"]
[Result "0-1"]
[WhiteElo "2435"]
[BlackElo "2385"]
[PlyCount "140"]
[EventDate "2004.10.15"]
[EventType "team"]
[EventRounds "14"]
[EventCountry "ESP"]
[Source "lmi"]
[SourceDate "2004.10.27"]

1. e4 e5 2. Nf3 Nc6 3. Bb5 a6 4. Ba4 Nf6 5. O-O Be7 6. Qe2 b5 7. Bb3 d6 8. c3
O-O 9. Rd1 Na5 10. Bc2 c5 11. d3 Bb7 12. Nbd2 g6 13. Nf1 Nh5 14. Bh6 Re8 15. b4
cxb4 16. cxb4 Nc6 17. Bb3 Bf8 18. Bg5 Qd7 19. Bd2 Bg7 20. Rac1 Rac8 21. g3 Nf6
22. Ne3 Nd4 23. Nxd4 exd4 24. Ng2 Nd5 25. Rxc8 Qxc8 26. Qf3 Nf6 27. Rc1 Qd8 28.
Nf4 Qd7 29. h4 Rc8 30. Rxc8+ Qxc8 31. h5 Kf8 32. h6 Bh8 33. Ne2 d5 34. exd5 Qg4
35. Qxg4 Nxg4 36. Bf4 Ne5 37. Bxe5 Bxe5 38. f4 Bd6 39. a3 Ke8 40. Nxd4 Bf8 41.
Kf2 Bxh6 42. Nf3 Bf8 43. Ke3 Bd6 44. Kd4 Ke7 45. Ne5 f6 46. Nc6+ Kd7 47. Na5
Bc8 48. Bd1 Kc7 49. Nb3 h5 50. Ke3 Kd8 51. Nd4 Ke7 52. Ke4 Kf7 53. Bf3 Ke7 54.
Nc6+ Ke8 55. Ke3 Kf8 56. Be2 Bd7 57. Nd8 Ke7 58. Nb7 Be8 59. Nc5 a5 60. d4 axb4
61. axb4 g5 62. Ne6 h4 63. gxh4 gxh4 64. Kf2 Bxb4 65. Nc7 Bg6 66. Nxb5 Be4 67.
Bf3 f5 68. Ke3 h3 69. d6+ Kd7 70. Kf2 Be1+ 0-1